000
00288nam a22001097a 4500
008
160614b xxu||||| |||| 00| 0 eng d
020
_a
9780763794675
041
_a
eng
080
_a
618.2
245
_a
Evidence-based practice for nurses:
_c
Nola A. Schmidt; Janet M. Brown;
942
_2
udc
_c
BK
999
_c
2505
_d
2505